Περιφερειακή ανάπτυξη στην Ελλάδα
Αποθηκεύτηκε σε:
| Κύριος συγγραφέας: | |
|---|---|
| Άλλοι συγγραφείς: | |
| Μορφή: | Βιβλίο |
| Γλώσσα: | Greek |
| Δημοσίευση: |
Αθήνα :
Κριτική,
2016.
|
| Έκδοση: | 2η έκδ. |
| Σειρά: | Επιστημονική βιβλιοθήκη (Κριτική)
|
| Θέματα: | |
| Ετικέτες: |
Προσθήκη ετικέτας
Δεν υπάρχουν, Καταχωρήστε ετικέτα πρώτοι!
|
MARC
| LEADER | 00000cam a2200000 a 4500 | ||
|---|---|---|---|
| 001 | 1/112687 | ||
| 008 | 170117s2016####gr | ||| |||| ||gre|| | ||
| 020 | |a 9789602188811 | ||
| 040 | |a GR-MyUa |b gre |c GR-MyUa |e AACR2 | ||
| 041 | 0 | |a gre | |
| 082 | 7 | |a 338.9495 |2 (23) | |
| 100 | 1 | |a Petrakos, George. | |
| 245 | 1 | 0 | |a Περιφερειακή ανάπτυξη στην Ελλάδα / |c Γιώργος Πετράκος, Γιάννης Ψυχάρης. |
| 250 | |a 2η έκδ. | ||
| 260 | |a Αθήνα : |b Κριτική, |c 2016. | ||
| 300 | |a 602 σ. ; |c 24 εκ. | ||
| 490 | 1 | |a (Επιστημονική βιβλιοθήκη / Κριτική) | |
| 650 | 0 | |a Regional planning |z Greece. | |
| 650 | 0 | |a Regional economics |z Greece. | |
| 650 | 0 | |a Economic development |z Greece. | |
| 700 | 1 | |a Ψυχάρης, Γιάννης Κ. | |
| 830 | 0 | |a Επιστημονική βιβλιοθήκη (Κριτική) | |
| 852 | |a INST |b CHIOS |c EUDOXUS |e 20190207 |h 338.9495 PET |p 005200038586 |q 005200038586 |t BK |y 0 | ||
| 852 | |a INST |b CHIOS |c EUDOXUS |e 20190207 |h 338.9495 PET |p 005200038587 |q 005200038587 |t BK |y 0 | ||
| 852 | |a INST |b CHIOS |c EUDOXUS |e 20210702 |h 338.9495 PET |p 005200039657 |q 005200039657 |t BK |y 0 | ||
| 852 | |a INST |b LESVOS |c EUDOXUS |e 20170117 |h 338.9495 PET |p 005100059495 |q 005100059495 |t EDX |y 0 | ||
| 852 | |a INST |b LESVOS |c EUDOXUS |e 20170117 |h 338.9495 PET |p 005100059497 |q 005100059497 |t EDX |y 0 | ||
| 920 | |a Εύδοξος |b Παραγγελία |y Χίος-ΤΔΕ |z 2019-02 | ||
| 920 | |a Εύδοξος |b Παραγγελία |y Λέσβος-ΤΓ |z 2016-12 | ||
| 970 | |a Τζαφέρη |b Ευαγγελία |z 17-01-2017 | ||